000 00854nam a2200241 a 4500
001 BRCA_6002
005 20190320205308.0
008 310311m19061911gw-a######---#000-0#ger-#
041 _ager
044 _agw
050 4 _aN6952
_b.W87 1906
100 1 _aWurzbach, Alfred von
_d1846-1915
_914169
245 1 0 _aNiederländisches Künstler-Lexikon
_bauf Grund Archivalischer Forschungen Bearbeitet
_cvon Alfred von Wurzbach.
260 _aLeipzig
_bHalm und Goldmann
_c1906-1911
300 _a3 v.
_bil.
_c26 cm.
500 _aDiccionario inventariado por Banco de México como libro
500 _aG112
505 0 _aContenido: v.1. A-K, 1906. -- v.2. L-Z, 1910. -- v.3. Suplemento y lista de monogramas, 1911
650 1 4 _aArtistas
_vBiografías
_zHolanda
_915160
650 1 4 _aArtistas
_vBiografías
_zBélgica
_914171
902 _aGFM
942 _2lcc
_cB
999 _c5691
_d5691